|
|
|
|
| LEADER |
00000nam a2200000 a 4500 |
| 001 |
UCT1559 |
| 003 |
CL-VaPUC |
| 008 |
960927e19790000GW |||||||||||||||||eng|d |
| 082 |
0 |
4 |
|a 530.12
|b FLU
|2 21
|
| 100 |
0 |
|
|a Flügge, Siegfried
|e author
|9 370488
|
| 245 |
1 |
0 |
|a Practical quantum mechanics
|
| 300 |
|
|
|a 287 p
|
| 942 |
|
|
|c BK
|
| 945 |
|
|
|d 19960927 00:00:00
|a paguirre
|
| 260 |
|
|
|a Berlín
|b Springer
|c 1979
|
| 650 |
|
0 |
|a Teoría cuántica
|9 266148
|
| 650 |
|
7 |
|a CAMPOS MAGNETICOS
|2 CL-VaPUC
|9 370489
|
| 650 |
|
7 |
|a RADIACION ELECTROMAGNETICA
|2 CL-VaPUC
|9 345469
|
| 650 |
|
7 |
|a ENERGIA RADIANTE
|2 CL-VaPUC
|9 360923
|
| 650 |
|
0 |
|a partículas elementales
|9 349874
|
| 583 |
|
|
|a last modification
|c 19960927 00:00:00
|k Rodrigo Vera
|
| 999 |
|
|
|c 252044
|d 252042
|
| 952 |
|
|
|0 0
|1 0
|4 0
|6 530_120000000000000_FLU_1979
|7 0
|8 A
|9 271643
|a BIBCUR
|b BIBCUR
|d 2019-11-19
|i 175324K
|o 530.12 FLU 1979
|p 175324K
|r 2025-04-22
|w 2019-11-19
|y BK
|k BCB
|
| 952 |
|
|
|0 0
|1 0
|2 ddc
|4 0
|6 530_120000000000000_FLU_1979
|7 0
|8 A
|9 271645
|a BIBCUR
|b BIBCUR
|c PAC
|d 2019-11-19
|i 3512886
|o 530.12 FLU 1979
|p 3512886
|r 2025-04-22
|w 2019-11-19
|y BK
|k FIS
|